00398nam a2200133Ia 4500008004100000082001400041100002200055245003300077260001800110600001500128942000700143952009700150999001700247241002s9999 xx 000 0 und d a808.5 RUS aRussell, Bertrand 0aAothority and the Individual aLondon:c1949 aLiterature cUC 00104070aUITUbUITUd1994-01-01l0o808.5 RUSpUC306r2024-10-02 09:31:16w2024-10-02yUC c18633d18633